| 000 | 00500nam a2200181 a 4500 | ||
|---|---|---|---|
| 001 | 24145 | ||
| 003 | CO-ViMGA | ||
| 008 | 141112s2004 ck r 000 u spa d | ||
| 020 | _a978958051089 | ||
| 040 |
_aCO-ViMGA _bspa _cCO-ViMGA |
||
| 082 | 0 | 4 | _a460.7 M673L6 |
| 100 | 1 |
_aMoren Cardozo, Sandra Maritza _935199 |
|
| 245 | 1 | 0 |
_aLenguaje y saberes 6 / _cSandra Maritza Moren Cardozo |
| 260 |
_aColombia : _bEducar |
||
| 300 | _a296p. | ||
| 650 | 1 | 4 | _aESPAÑOL - ENSEÑANZA SECUNDARIA |
| 942 |
_2ddc _cBK |
||
| 999 |
_c10272 _d10272 |
||